| 000 | 00527nam a2200193Ia 4500 | ||
|---|---|---|---|
| 003 | GCL | ||
| 008 | 140319s9999 xx 000 0 eng d | ||
| 040 |
_aGCL / _cGCL |
||
| 082 | 0 | 4 |
_a617.96 _bC A |
| 100 | 1 | _aCURRY, SAUNDRA E. | |
| 245 | 1 | 0 |
_aANESTHESIOLOGY: PRE TEST SELF - ASSESSMENT AND REVIEW / _cCURRY, SAUNDRA E. |
| 700 | 1 | _aSUN, LENA | |
| 700 | 1 | _aLEVINE, MATTHEW | |
| 700 | 1 | _aSILVERSTEIN, WENDY | |
| 260 |
_a[S.N] : _bMC GRAW - HILL ، _c1993 |
||
| 300 | _a187 P | ||
| 650 | 0 | 4 | _aANESTHESIOLOGY |
| 942 |
_2ddc _cBK |
||
| 999 |
_c21243 _d21243 |
||